000 00499nam a2200157 i 4500
001 79341
003 ES-MaACL
005 20230906173946.0
007 t|
008 041021s1931 fr ||||1| fre d
100 1 _aHermant, Max.
_962744
245 1 4 _aLes paradoxes économiques de l'Allemagne moderne
_b: [1918-31] /
_cMax Hermant.
260 _aParis :
_bArmand Colin,
_c1931 (
_eSaint-Dizier (Haute-Marne) :
_fAndré Brulliard)
300 _aX, 202 p. ;
_c23 cm.
852 _aES-MaACL
_jA-64
_bR.9689
999 _c79341
_d79341